Lines From Summer Resort Diary/ (Record no. 216512)

MARC details
000 -LEADER
fixed length control field 00555nam a22001937a 4500
005 - DATE AND TIME OF LATEST TRANSACTION
control field 20260604155516.0
010 ## - LCCN (DPL NO)
LC control number ENG-148760
020 ## - INTERNATIONAL STANDARD BOOK NUMBER
International Standard Book Number 9789391091644
Terms of availability 160.00
035 ## - SYSTEM CONTROL NUMBER
System control number EN-132292
037 ## - SOURCE OF ACQUISITION
Source of stock number/acquisition DBAD
082 ## - DEWEY DECIMAL CLASSIFICATION NUMBER
Classification number 881
100 ## - MAIN ENTRY--PERSONAL NAME
Personal name Sharma, R.D.
245 ## - TITLE STATEMENT
Title Lines From Summer Resort Diary/
Statement of responsibility, etc R.D. Sharma
250 ## - EDITION STATEMENT
Edition statement 1
260 ## - PUBLICATION, DISTRIBUTION, ETC. (IMPRINT)
Place of publication, distribution, etc Gurugram
Name of publisher, distributor, etc The Poetry Society of India
Date of publication, distribution, etc 2024
270 ## - ADDRESS
Address H-23/16, DLF Phase-I
City Gurugram
Postal code 122002
Electronic mail address thepoetrysoindia@gmail.com
300 ## - PHYSICAL DESCRIPTION
Extent 34p.
Dimensions 22cm(hb0
942 ## - ADDED ENTRY ELEMENTS (KOHA)
Source of classification or shelving scheme Dewey Decimal Classification
Item type English Books
Classification part 881
Call number suffix SHA
Holdings
Withdrawn status Lost status Not for loan Collection code Home library Current library Date acquired Source of acquisition Cost, normal purchase price Full call number Barcode Copy number Cost, replacement price Koha item type
      Non-fiction R.K.Puram-8 R.K.Puram-8 04/06/2026 Delivery of Books Act Division 160.00 881 SHA EN-132292 1 160.00 English Books

© Delhi Public Library
Hit Counter
free hit counter